DENTAL BLEACHING (Record no. 4478)

MARC details
000 -LEADER
fixed length control field 00382nam a2200145Ia 4500
008 - FIXED-LENGTH DATA ELEMENTS--GENERAL INFORMATION
fixed length control field 150201s2008 xx 000 0 und d
082 ## - DEWEY DECIMAL CLASSIFICATION NUMBER
Classification number 617.6342
Item number D2008K
100 ## - MAIN ENTRY--PERSONAL NAME
Personal name KELLEHER MARTIN
245 ## - TITLE STATEMENT
Title DENTAL BLEACHING
250 ## - EDITION STATEMENT
Edition statement 1ST
260 ## - PUBLICATION, DISTRIBUTION, ETC. (IMPRINT)
Name of publisher, distributor, etc. QUINTESSENCE PUBLICATION
Place of publication, distribution, etc. CHICAGO
Date of publication, distribution, etc. 2008
300 ## - PHYSICAL DESCRIPTION
Extent 1-130
650 ## - SUBJECT ADDED ENTRY--TOPICAL TERM
Topical term or geographic name as entry element CONSERVATIVE DENTISTRY & ENDODONTICS
942 ## - ADDED ENTRY ELEMENTS (KOHA)
Source of classification or shelving scheme Dewey Decimal Classification
Koha item type Books
Koha issues (borrowed), all copies 1
Holdings
Withdrawn status Lost status Source of classification or shelving scheme Damaged status Not for loan Home library Current library Date acquired Source of acquisition Cost, normal purchase price Serial Enumeration / chronology SGTU Bill Number Total Checkouts Full call number Barcode Date last seen Bill Date Koha item type Date last checked out
    Dewey Decimal Classification     SGT Dental Library SGT Dental Library 28/10/2010 PASSI PUBLICATION 2122.00 1 SGTU QB/245/2010   617.6342 D2008K FD6077 01/03/2016 23/03/2013 Books  
    Dewey Decimal Classification     SGT Dental Library SGT Dental Library 28/10/2010 PASSI PUBLICATION 28.00 1 SGTU QB\245\2010-11 1 617.342 D2008K FD6374 02/01/2025 11/04/2013 Books 02/01/2025